|
|
|
|
| LEADER |
02417njm a2200613 a 4500 |
| 001 |
000383191 |
| 003 |
CZ BrMZK |
| 005 |
20040615100053.0 |
| 008 |
010907s1998 xr f cze d |
| 028 |
0 |
3 |
|a 72434 98429 2 2
|b Monitor-EMI
|
| 040 |
|
|
|a BOA001
|b cze
|
| 080 |
|
|
|a 784.4(086.7)
|2 MRF
|
| 100 |
1 |
|
|a Svoboda, Karel,
|d 1938-2007
|7 jn19990218100
|4 cmp
|
| 245 |
1 |
0 |
|a Souznění
|h [zvukový záznam] /
|c hity Karla Svobody.
|
| 246 |
3 |
3 |
|a Čau, lásko
|
| 246 |
3 |
3 |
|a Lady Carneval
|
| 246 |
3 |
3 |
|a Což takhle dát si špenát
|
| 246 |
3 |
3 |
|a Jsi můj pán
|
| 246 |
3 |
3 |
|a Kdepak, ty ptáčku, hnízdo máš?
|
| 246 |
3 |
3 |
|a Lásko má já stůňu
|
| 246 |
3 |
3 |
|a Monte Christo
|
| 246 |
3 |
3 |
|a Nechte zvony znít
|
| 246 |
3 |
3 |
|a Souznění
|
| 246 |
3 |
3 |
|a Stín katedrál
|
| 246 |
3 |
3 |
|a Ten právě příchozí
|
| 246 |
3 |
3 |
|a Tenhle bílej měsíc
|
| 246 |
3 |
3 |
|a Tři oříšky
|
| 246 |
3 |
3 |
|a Vzdálený hlas
|
| 246 |
3 |
3 |
|a Včelka Mája
|
| 246 |
3 |
3 |
|a Vím, že jsi se mnou
|
| 260 |
|
|
|a Praha :
|b Monitor-EMI,
|c p1998
|
| 300 |
|
|
|a 1 CD ;
|c 12 cm +
|e 1 brožura [20 s.].
|
| 500 |
|
|
|a Nahr. neuv
|
| 500 |
|
|
|a Durata neuv
|
| 505 |
2 |
|
|a Souznění, Lásko má, já stůňu, Tři oříšky ... [et al.]
|
| 511 |
0 |
|
|a Karel Gott, zpěv; Daniel Hůlka, zpěv; Helena Vondráčková, zpěv ... [et al.]. Maxim Turbulenc
|
| 653 |
0 |
|
|a populární hudba
|a populární písně
|a filmové písně
|a evergreeny
|
| 700 |
1 |
|
|a Bartošová, Iveta,
|d 1966-2014
|7 jn19990201013
|4 prf
|
| 700 |
1 |
|
|a Basiková, Bára,
|d 1963-
|7 jn19990201015
|4 prf
|
| 700 |
1 |
|
|a Bílá, Lucie,
|d 1966-
|7 jn19990209056
|4 prf
|
| 700 |
1 |
|
|a Csáková, Ilona,
|d 1970-
|7 jn20000400426
|4 prf
|
| 700 |
1 |
|
|a Gott, Karel,
|d 1939-2019
|7 jk01032549
|4 prf
|
| 700 |
1 |
|
|a Holanová, Marcela,
|d 1951-
|7 mzk2003186020
|4 prf
|
| 700 |
1 |
|
|a Hůlka, Daniel,
|d 1968-
|7 jn20000401154
|4 prf
|
| 700 |
1 |
|
|a Machálková, Leona,
|d 1967-
|7 js20020408002
|4 prf
|
| 700 |
1 |
|
|a Muk, Petr,
|d 1965-2010
|7 jo20000080556
|4 prf
|
| 700 |
1 |
|
|a Neckář, Václav,
|d 1943-
|7 jn19990209576
|4 prf
|
| 700 |
1 |
|
|a Slováček, Felix,
|d 1943-
|7 jn19990209774
|4 prf
|
| 700 |
1 |
|
|a Vondráčková, Helena,
|d 1947-
|7 jn19990210804
|4 prf
|
| 710 |
2 |
|
|a Maxim Turbulenc (hudební skupina)
|7 kn20010710243
|4 prf
|
| 910 |
|
|
|a BOA001
|b CD-0006.686
|
| 964 |
|
|
|a Hudba populární
|x výběr hitů
|x CD
|
| 990 |
|
|
|a AV
|
| 996 |
6 |
|
|b 261H007081
|c CD-0006.686
|l MZK
|r Sklad / do 24 hodin
|n 0
|p p.v.
|w 000383191
|u 000010
|a 1
|e BOA001
|j MZK50
|s P
|